00972nam a2200229 a 450000100060000000300090000600800410001504000280005608200190008410000500010324500340015326000610018730000080024849000200025650500840027659000930036065000490045365000550050294200120055799900170056995201560058622472CO-ViMGA141112s2004 ck r 000 u spa d aCO-ViMGAbspacCO-ViMGA04a343.0986 L663s1 aLópez peñaloza, Alejandro Fabián93186810aSentencias penales frecuentes aBogotá : bUniversidad Cooperativa de Colombia, c2005 a184 aLibros de texto aHomicidio agravado 11 - - Homicidio 21 - - Homicidio en grado de tentativo 29  aForma de adquisición : Donación - - Precio : 13000 - - Fecha de adquisición : 200814aDERECHO PENAL - COLOMBIA - SENTENCIAS93186914aPROCEDIMIENTO PENAL - COLOMBIA - SENTENCIAS931870 2ddccBK c30778d30778 00102ddc40708002aMEVIECARbMEVIECARd2015-12-04h11/jun/2009l2m2o343.0986 L663s p22472r2017-05-30 00:00:00s2017-05-09tEj. 1w2015-12-04yBK